=LDR 00000nam 2200000 4500 =001 INLIS000000000043419 =005 20210617085936 =035 ##$$a 0010-101300000001341 =008 210617################g##########0#ind## =041 ##$$a ind =082 ##$$a 340.02 =090 ##$$a 340.02, Bun b =245 ##$$a Bunga rampai pembangunan hukum Indonesia /$c Editor, Prof, I Made Widnyana, SH., Dr. Tjokroda Istri Putra Astiti, SH., M.S. =260 ##$$a Bandung :$b Eresco,$c 1995 =300 ##$$a xvi, 438 hlm, ; $c 19 x 14 cm. =650 #4$$a Hukum - Bunga Rampai =850 ##$$a NBPNMAT =084 ##$$a 340.02 BUN b =700 #$$a Widnyana, I Made =990 ##$$a 111.618/Pro-97 =990 ##$$a 111.619/Pro-97 =990 ##$$a 111.617/Pro-97 =990 ##$$a 111.619/Pro-97 =990 ##$$a 111.618/Pro-97 =990 ##$$a 111.617/Pro-97